000 00541nam a2200181Ia 4500
003 GCL
008 140319s9999 xx 000 0 ara d
040 _aGCL /
_cGCL
082 0 4 _a364.25
_bم م
100 1 _aمساعد ابراهيم الحديثى
245 1 0 _aمبادىء علم الاجتماع الجنائى /
_cمساعد ابراهيم الحديثى
300 _a229 ص
490 _a100 قصة
_v0
650 0 4 _aالجريمة
650 0 4 _aالاجتماع الجنائى
650 0 4 _aالمجرمون
942 _2ddc
_cBK
999 _c43864
_d43864